| 000 | 00394nam a22001457a 4500 | ||
|---|---|---|---|
| 008 | 240912b |||||||| |||| 00| 0 eng d | ||
| 040 |
_aNational Science Library _cNational Science Library |
||
| 080 | _aR 549(02) | ||
| 245 |
_aKhanija abhijnana _c |
||
| 260 |
_aNagpur: _bThe Arya Bharati Mudranalaya |
||
| 300 | _a282p. | ||
| 500 | _aVol. 29 | ||
| 700 | _aVira, R (Ed.) | ||
| 942 |
_2udc _cREF |
||
| 999 |
_c67287 _d67287 |
||